000 nam a22 a 4500
999 _c690
_d690
003 AKMAL
005 20170504153839.0
008 170504s2007 my | e | 001 0 may d
020 _a9789834226664 (kkt.)
040 _aAKMAL
082 0 4 _a172.09595 INT
_222
090 0 0 _a172.09595
_bINT
245 0 0 _aIntegriti politik di Malaysia :
_bke arah kefahaman yang lebih sempurna /
_ceditor Anis Yusal Yusoff, Mohd Rais Ramli, Zubayry Abady Sofian
260 _aKuala Lumpur :
_bInstitut Integriti Malaysia,
_c2007
300 _a242ms. ;
_c22cm.
500 _aMengandungi indeks
650 1 0 _aPolitical ethics
_zMalaysia
_9506
650 2 0 _aLeadership
_zMalaysia
_940
650 2 0 _aIntegrity
_9471
700 0 _aAnis Yusal Yusoff,
_d1967-
_9474
700 0 _aMohd Rais Ramli
_91479
700 0 _aZubayry Abady Sofian
_91480
942 _2ddc
_cBOOK